Zrovnoprávnenie elektronického podpisu orgánom na elektronický podpis Národný bezpečnostný úrad

Bibliographic Details
Main Author: Kollárová, Zuzana (Author)
Format: Article
Language:Slovak
PhysicalDescription:Fotogr.
ISSN:1335-4701
Subjects:

MARC

LEADER 00000nab a2200000 a 4500
001 vtls000762992
003 SK-MaSNL
005 20260302153934.0
008 140301c2001 xo 0 slo
015 |a SNBRB2001/07-21552 
035 |a CLN000114779 
040 |a SNKBUCL  |b slo  |c SNKBUCL  |e AACR2 
041 0 |a slo 
044 |a xo  |c SK 
080 |a 347.716:339.162:681.3  |2 1997 
080 |a 339.162  |2 1997 
080 |a 681.3  |2 1997 
100 1 |a Kollárová, Zuzana  |4 aut  |9 10478 
245 1 0 |a Zrovnoprávnenie elektronického podpisu  |b orgánom na elektronický podpis Národný bezpečnostný úrad  |c pripravila Zuzana Kollárová 
300 |b Fotogr. 
650 0 7 |a podpis elektronický  |x zákony  |2 snkbucl  |9 839459 
655 7 |a články z novín a časopisov  |2 snkbucl  |9 267496 
773 0 |t Hospodárske noviny  |g Roč. 9, č. 95 (18.-20.5.2001), s. 6  |x 1335-4701 
850 |a Slovenská národná knižnica v Martine 
852 |a SNK  |b KIS3GCP 
958 |a SK 
992 |a RBX 
999 |c 1367005  |d 1368935